Clubs de Football de la Ligue 1 au National (2022-2023) - Statistiques

Statistiques générales
  • Ce quiz a été pris 115 fois
  • Le résultat moyen est 9 sur 58
Statistiques - réponses
Hint Réponse % Correct
Ligue 1 OM
91%
Ligue 1 OL
85%
Ligue 1 Paris SG
49%
Ligue 1 RC Lens
42%
Ligue 1 Stade Rennais
33%
Ligue 1 Lille OSC
30%
Ligue 1 OGC Nice
30%
Ligue 2 Girondins de Bordeaux
24%
Ligue 2 Paris FC
24%
Ligue 2 AS Saint-Étienne
23%
Ligue 1 FC Lorient
23%
Ligue 1 FC Nantes
22%
Ligue 1 Stade de Reims
21%
Ligue 2 FC Metz
20%
Ligue 1 Angers SCO
17%
Ligue 1 RC Strasbourg
17%
Ligue 1 Toulouse FC
17%
Ligue 1 Montpellier HSC
16%
Ligue 1 Stade Brestois
16%
Ligue 1 AJ Auxerre
15%
National AS Nancy
15%
Ligue 1 AC Ajaccio
14%
Ligue 2 FC Sochaux
13%
Ligue 2 Nîmes Olympique
13%
Ligue 2 SC Bastia
13%
Ligue 1 AS Monaco FC
12%
Ligue 2 SM Caen
12%
National USL Dunkerque
12%
Ligue 2 EA Guingamp
10%
Ligue 2 Le Havre AC
10%
Ligue 2 Chamois Niortais
9%
Ligue 2 Stade Lavallois
9%
Ligue 2 Dijon FCO
8%
Ligue 2 FC Annecy
8%
National Red Star FC
8%
National US Concarneau
8%
National FC Versailles
7%
National Le Mans FC
7%
Ligue 2 Pau FC
7%
Ligue 2 Valenciennes FC
7%
Ligue 2 Amiens SC
6%
National CS Sedan
5%
Ligue 1 ES Troyes AC
5%
Ligue 2 Rodez AF
5%
National Stade Briochin
5%
National FC Martigues
3%
National Paris 13
3%
Ligue 2 QRM
3%
National SO Cholet
3%
National US Orléans
3%
Ligue 1 Clermont F63
2%
National US Avranches MSM
2%
National FC Borgo
1%
National FC Villefranche
1%
Ligue 2 Grenoble F38
1%
National Le Puy F43
1%
National FBBP01
0%
National LB Châteauroux
0%
Aucun quiz correspondant
Distribution des résultats
% des personnes avec chaque résultat
Percentile par nombre de réponses
Votre historique - résultats
Vous n’avez pas pris ce quiz